000 01319nam a2200313 4500
001 177348
003 ES-MaACL
005 20230907121211.0
008 110316s2009 sp ad |||| | spa d
020 _a978-84-8439-465-5
080 _a355.48(460)"1808"
080 _a94(460)"1808/14"
245 0 0 _aBaylen 1808-2008
_b: actas del congreso internacional "Baylen 1808-2008" : Bailén: su impacto en la nueva Europa del siglo XIX y su proyección futura /
_corganizadas por el Ayuntamiento de Bailén ; coordinación científica, Francisco Acosta Ramírez, Marta Ruiz Jiménez.
250 _a1ª ed.
260 _aJaén :
_bUniversidad de Jaén,
_c2009.
300 _a766 p. :
_bil. ;
_c24 cm.
490 1 _aMartínez de Maza. Estudios
650 7 _aBailén, Batalla de, 1808.
_9145672
651 7 _aEspaña-
_xHistoria-
_y1808-1814, Guerra de la Independencia-
_vCongresos y asambleas.
_98245
700 1 _aAcosta Ramírez, Francisco.
_9142650
700 1 _aRuiz Jiménez, Marta.
_9142832
710 1 _aBailén.
_bAyuntamiento.
_9145675
710 2 _aUniversidad de Jaén.
_9139784
830 0 _aMartínez de Maza. Estudios
_9224159
852 _aES-MaACL
_9184166
_bR.145733
_jA-11040
_dOlim: N-4045
_cDEPO1
942 _2udc
_cMONOGRAFIA
999 _c177348
_d177348